01250nam a22002657a 45000010005000000030006000050050017000110080041000280200018000690400029000870500008001160820014001241000032001382450078001702500041002482600028002893000056003175050007003735200489003805210018008695210018008876500026009056500022009317000031009536773FISKH20250527113326.0250527b cb ||||| |||| 00| 0 eng d a9780091717209 aFISKHbengcFISKHdFISKH aPZ7 a839.82374 aProysen, Alfd(1914–1970) aMrs Pepperpot minds the baby /cAlf Proysen ; Illustrated by David Arthur aThis edition first published in 1960 aLondon :bRedFox,c1960 a28 unnumbered pages :bcolor illustrations ;c20 cm aG  aMrs. Pepperpot has a problem--a huge problem--she shrinks! And when she shrinks she finds herself in all sorts of trouble. When Mrs. Pepperpot agrees to mind baby Roger from next door, she doesn't know that she's going to shrink. How can she look after him when she's only as tall as a pepperpot? Baby Roger thinks she's a doll and jiggles and joggles her and throws her high in the air. Will Mrs. Pepperpot be able to keep the baby out of mischief until his mother comes to get him? 8 a380 bLexile 8 aG bRaz-Plus  2Picture bookaFiction 2BabysittingaSort aArthur, Daviddillustrator